Classic Comic Cuts

Bibliographic Details
Format: Book
Language:English
Published: Wheeling, IL : Graphic products Corporation 1989
Subjects:

MARC

LEADER 00000cam a2200000 7i4500
001 0000003975
005 20240930.0
008 991207 ilu eng
040 |a INS   |b eng   |e rda 
090 0 0 |a PN156   |b .C6144 1989 
245 0 0 |a Classic Comic Cuts 
264 1 |a Wheeling, IL :   |b Graphic products Corporation   |c 1989 
300 |a 32 pages ;   |c 28 cm. 
336 |a text  |2 rdacontent 
337 |a unmediated  |2 rdamedia 
338 |a volume  |2 rdacarrier 
500 |a Graphic Source Clip Art Book Library 
650 0 |a Graphic Arts 
999 |a 0000004378   |b BOOK   |c Open Shelf   |e Default branch